|
|
|
|
| LEADER |
00000nam0a2200000 4500 |
| 001 |
332654 |
| 005 |
20231102004458.0 |
| 035 |
|
|
|a (RuTPU)RU\TPU\book\358607
|
| 035 |
|
|
|a RU\TPU\book\358606
|
| 090 |
|
|
|a 332654
|
| 100 |
|
|
|a 20170526d1979 k y0rusy50 ca
|
| 101 |
0 |
|
|a rus
|
| 102 |
|
|
|a RU
|
| 105 |
|
|
|a a z 001zy
|
| 200 |
1 |
|
|a Горнорудное производство. Карьерный транспорт
|e [сборник]
|f Институт горного дела (ИГД) ; отв. ред. М. В. Васильев
|
| 210 |
|
|
|a Свердловск
|c Изд-во ИГД
|d 1979
|
| 215 |
|
|
|a 97 с.
|c ил.
|
| 225 |
1 |
|
|a Труды Института горного дела
|v Вып. 60
|
| 320 |
|
|
|a Библиография в конце статей
|
| 606 |
1 |
|
|a Карьерный транспорт
|2 stltpush
|3 (RuTPU)RU\TPU\subj\13947
|9 40479
|
| 610 |
1 |
|
|a карьерный железнодорожный транспорт
|
| 610 |
1 |
|
|a тяговые средства
|
| 610 |
1 |
|
|a перегрузочные пункты
|
| 610 |
1 |
|
|a автотранспорт
|
| 610 |
1 |
|
|a автосамосвалы
|
| 610 |
1 |
|
|a конвейерные ленты
|
| 610 |
1 |
|
|a параметры
|
| 610 |
1 |
|
|a оптимизация
|
| 610 |
1 |
|
|a пневмотранспорт
|
| 610 |
1 |
|
|a дробильные установки
|
| 675 |
|
|
|a 622.68
|v 4
|
| 702 |
|
1 |
|a Васильев
|b М. В.
|g Михаил Владимирович
|4 340
|
| 712 |
0 |
2 |
|a Институт горного дела (ИГД)
|c (Свердловск)
|c (1962-1994)
|2 stltpush
|3 (RuTPU)RU\TPU\col\21688
|
| 801 |
|
1 |
|a RU
|b 63413507
|c 20141020
|
| 801 |
|
2 |
|a RU
|b 63413507
|c 20170607
|g RCR
|
| 942 |
|
|
|c BK
|